| 000 | 01727nam a22002297a 4500 | ||
|---|---|---|---|
| 999 |
_c64079 _d64079 |
||
| 003 | Ge_BSU | ||
| 005 | 20260326111704.0 | ||
| 008 | 260325s2026 ge ||||| |||| 00| 0 geo d | ||
| 020 | _a9789941883378 | ||
| 041 | _ageo | ||
| 080 | _a94(479.223-25) მ-47 | ||
| 100 |
_aმეგრელიშვილი, მერაბ _927198 |
||
| 245 |
_aნარკვევები ბათუმის ისტორიიდან / _cმერაბ მეგრელიშვილი, ნიკოლოზ მეგრელიშვილი; რედ.როინ მალაყმაძე; ყდის დიზაინი თ. ნაყოფია. |
||
| 264 |
_aბათუმი, _c2026. |
||
| 300 |
_a234 გვ.: _bილ.; _c22 სმ. |
||
| 504 | _aბიბლიოგრ. თავების ბოლოს | ||
| 653 | _aნარკვევები ბათუმის ისტორიიდან | ||
| 653 | _aწიგნში შესულია ბათუმის შოთა რუსთაველის სახელმწიფო უნივერსიტეტის ნიკო ბერძენიშვილის ინსტიტუტის ინიციატივით ორგანიზებულ საერთაშორისო სამეცნიერო კონფერენციებზე სხვადასხვა დროს წარდგენილი მოხსენებები | ||
| 700 |
_aმეგრელიშვილი, ნიკოლოზ _927199 _eავტორი |
||
| 700 |
_aმალაყმაძე, როინ _eრედაქტორი _927200 |
||
| 942 |
_2udc _cᲬᲘᲒᲜᲘ |
||